| 000 | 00889nam a2200205 a 4500 | ||
|---|---|---|---|
| 001 | 000044379 | ||
| 003 | DO-SdBNP | ||
| 005 | 20250206123612.0 | ||
| 008 | 140626s2000 dr 000 0 spa d | ||
| 040 |
_aDO-SdBNP _bspa _cBNPHU |
||
| 082 |
_axxxx _bxxxx |
||
| 110 | 1 |
_aRepública Dominicana. _bSecretaría de Estado de Educación, Bellas Artes y Cultos _923965 |
|
| 245 | 1 | 0 |
_aA jugar, aprender y disfrutar con adivinanzas, trabalenguas y refranes : _bcompendio de adivinanzas, trabalenguas y refranes para el nivel inicial / _cpresentación ; Ligia Amada Melo de Cardona ; introducción Carmen Sánchez. |
| 260 |
_aSanto Domingo : _bSEEC, _c2000. |
||
| 300 |
_a58 p. : _bil. ; _c28 cm. |
||
| 700 | 1 | 2 |
_aMelo de Cardona, Ligia Amada _927174 |
| 700 | 1 | 2 |
_aSánchez, Carmen _926137 |
| 710 |
_aSecretaría de Estado de Educación y Cultura, (República Dominicana) _955093 |
||
| 942 |
_2ddc _cLBS1 |
||
| 999 |
_c43868 _d43868 |
||